000 01454nac a22004577a 4500
001 BR8005304
003 BR-BrBNA
005 20240105114757.0
008 230509b bl.|||m| |||| 00| 0 por d
040 _aBR-BrBNA
_bpor
_cBiblioteca Nacional de Agricultura
072 _aF00; L30
090 _a0170 BR8005304
100 1 _aRaupp, A.A.A.
100 1 _aMenschoy, A.B.
100 1 _aSantos Filho, B.G. dos, Gonzalez, B.D.
100 1 _aCordeiro, D.S.
100 1 _aXavier, F.E.
100 1 _aAssis, F.N. de
100 1 _aBrauner, G.L.
100 1 _aMaier, J.C.
100 1 _aPetrini, J.A.
100 1 _aPorto, M.
100 1 _aIslabao, N.
100 1 _aBrandao, N.
110 1 _aUnidade de Execucao de Pesquisa de Ambito Estadual de Pelotas, RS (Brasil)
_910370
245 1 _aRecomendacao para o cultivo do sorgo granifero e sua utilizacao na alimentacao animal [Sorghum bicolor, pratica cultural, valor nutritivo]
260 3 _aPelotas, RS (Brasil):
_c1980.
300 _a14 p.
490 _aCircular Tecnica - Unidade de Execucao de Pesquisa de Ambito Estadual de Pelotas (Brazil)
_vno. 9
_x
500 _a13 tables
650 _aSORGO GRANIFERO
650 _aSEMEADURA
650 _aESPACAMENTO
650 _aADUBACAO
650 _aDEFESA VEGETAL
650 _aCOLHEITA
650 _aNUTRICAO ANIMAL
650 _aVALOR NUTRITIVO
909 _a202312
_bLúcia Elande
_c55
_dLúcia Elande
942 _2AGRIS
_n0
_cMS
999 _c271234
_d271234